[Event "35th WCh U20 Girls"]
[Site "Tarvisio ITA"]
[Date "2017.11.15"]
[Round "3"]
[White "Kiolbasa, Oliwia"]
[Black "Lasya, Goli"]
[Result "1/2-1/2"]
[WhiteElo "2206"]
[BlackElo "2087"]
[EventDate "2017.11.13"]
[PlyCount "185"]

1.e4 e6 2.d4 d5 3.Nc3 dxe4 4.Nxe4 Bd7 5.Nf3 Bc6 6.Bd3 Nd7 7.O-O Ngf6 8.Qe2
Be7 9.Bd2 Nxe4 10.Bxe4 Bxe4 11.Qxe4 c6 12.c4 O-O 13.Rad1 Re8 14.Bc3 Bf8 
15.Rfe1 Nb6 16.b3 Nd7 17.h3 Rc8 18.Qd3 a6 19.Qd2 h6 20.Ba5 b6 21.Bc3 Qc7 
22.Re3 Bd6 23.Ne5 Rcd8 24.Rd3 Nf6 25.Qe3 Rc8 26.Qf3 Nh7 27.Qh5 f5 28.Qe2 
Nf6 29.Nf3 Ne4 30.Bb2 b5 31.Nd2 Nf6 32.Re3 Kf7 33.Nf3 Ne4 34.Ne5+ Bxe5 35.
dxe5 Rcd8 36.cxb5 Rxd1+ 37.Qxd1 Rd8 38.Rd3 Rxd3 39.Qxd3 cxb5 40.Qd4 g5 41.
Qd3 b4 42.a3 bxa3 43.Bxa3 Qa7 44.Kh2 Qc7 45.Qd4 Kg6 46.f3 Qc3 47.Qxc3 Nxc3
48.g4 Nd5 49.Bc5 Nf4 50.Kg3 Nd3 51.Bd6 a5 52.Bc7 Nc5 53.Bxa5 Nxb3 54.Bd8 
Nd4 55.Be7 Nc6 56.Bd6 Nd4 57.Be7 Ne2+ 58.Kf2 Nf4 59.Kg3 Nd3 60.Bd6 h5 61.
Bc7 h4+ 62.Kg2 Nf4+ 63.Kh2 Nd5 64.Bd6 Kf7 65.Kg2 Ke8 66.Kh2 Ne3 67.Bb4 f4 
68.Kg1 Nc4 69.Bc3 Kd7 70.Kf2 Kc6 71.Ke2 Kd5 72.Kf2 Nxe5 73.Ke2 Nf7 74.Bf6 
e5 75.Kd3 Ke6 76.Bg7 Nd6 77.Bh6 Kf6 78.Bf8 Ne8 79.Ke4 Ke6 80.Bh6 Nd6+ 81.
Kd3 Nf7 82.Bf8 Nd8 83.Ke4 Nb7 84.Kd3 Na5 85.Bh6 Kf6 86.Bf8 Nb3 87.Bb4 Ke6 
88.Ke4 Nd4 89.Bc3 Nc6 90.Bb2 Kd6 91.Bc3 Ke6 92.Bb2 Kd6 93.Bc3 1/2-1/2

[Event "35th WCh U20 Girls"]
[Site "Tarvisio ITA"]
[Date "2017.11.15"]
[Round "3"]
[White "Di Benedetto, Desiree"]
[Black "Li Zhuoling"]
[Result "1-0"]
[WhiteElo "2190"]
[BlackElo "2006"]
[EventDate "2017.11.13"]
[PlyCount "123"]

1.c4 Nf6 2.Nc3 d5 3.cxd5 Nxd5 4.g3 g6 5.Bg2 Nb6 6.d3 Bg7 7.Be3 O-O 8.Qd2 
Nc6 9.Rc1 Be6 10.Nf3 Nd5 11.Bh6 Nxc3 12.Bxg7 Kxg7 13.bxc3 Bg4 14.Qf4 Bxf3 
15.Bxf3 Qd6 16.Qa4 Rab8 17.Rb1 Qc5 18.O-O e5 19.Rfc1 b5 20.Qe4 Rb6 21.c4 
Nd4 22.cxb5 Qd6 23.a4 f5 24.Qe3 Qe7 25.Rc4 Rd6 26.Rbc1 Rd7 27.Bc6 Rd6 28.
f4 Rfd8 29.Kf2 Kf6 30.Qxe5+ Qxe5 31.fxe5+ Kxe5 32.Bf3 Ne6 33.R4c3 R6d7 34.
e3 Kd6 35.d4 Re8 36.Rc6+ Ke7 37.Ra6 g5 38.d5 Nd8 39.Rxa7 Kd6 40.Ra6+ Ke7 
41.Rh6 Nf7 42.Rxh7 g4 43.Bg2 Kf6 44.Rh4 Ra8 45.Rc4 Ne5 46.Rd4 Kg5 47.h3 
Ng6 48.hxg4 Nxh4 49.gxh4+ Kxh4 50.gxf5+ Kg5 51.d6 Rf8 52.Be4 cxd6 53.b6 
Kf6 54.Kf3 Rh8 55.b7 Rh3+ 56.Kg4 Rh8 57.Rb4 Rb8 58.a5 d5 59.a6 dxe4 60.a7 
Rg8+ 61.Kf4 Rxb7 62.Rxb7 1-0

[Event "35th WCh U20 Girls"]
[Site "Tarvisio ITA"]
[Date "2017.11.15"]
[Round "3"]
[White "Gomez Barrera, Javiera Belen"]
[Black "Nguyen, Emily"]
[Result "1-0"]
[WhiteElo "1972"]
[BlackElo "2176"]
[EventDate "2017.11.13"]
[PlyCount "59"]

1.e4 c5 2.Nf3 e6 3.d4 cxd4 4.Nxd4 Nf6 5.Nc3 d6 6.g4 h6 7.h4 Nc6 8.Rg1 d5 
9.exd5 Nxd5 10.Nxd5 exd5 11.Be3 Bd7 12.Qd2 Qa5 13.Qxa5 Nxa5 14.O-O-O Nc4 
15.Bxc4 dxc4 16.Nf5 h5 17.Rge1 O-O-O 18.Bxa7 g6 19.Ne3 Bxg4 20.Nxc4 Bh6+ 
21.Kb1 Be6 22.Nd6+ Kc7 23.Nb5+ Kc8 24.Nd6+ Kc7 25.Nb5+ Kc8 26.Bd4 Rhg8 27.
Be5 Rd5 28.Rxd5 Bxd5 29.Rd1 Bf3 30.Na7# 1-0

[Event "35th WCh U20 Girls"]
[Site "Tarvisio ITA"]
[Date "2017.11.15"]
[Round "3"]
[White "Gueci, Tea"]
[Black "Fernandez Rivero, Karla July"]
[Result "1-0"]
[WhiteElo "2161"]
[BlackElo "1986"]
[EventDate "2017.11.13"]
[PlyCount "123"]

1.e4 e5 2.Nf3 Nc6 3.Bb5 a6 4.Ba4 Nf6 5.O-O Be7 6.d3 b5 7.Bb3 d6 8.a4 Bd7 
9.c3 Na5 10.Bc2 c5 11.d4 Qb8 12.Bg5 Be6 13.Nbd2 O-O 14.d5 Bd7 15.b4 cxb4 
16.cxb4 Nc4 17.Nxc4 bxc4 18.Bd2 Rc8 19.Bc3 Qb6 20.h3 g6 21.Kh2 Nh5 22.g3 
Qd8 23.Qe2 Bf8 24.Nd2 Bh6 25.Rg1 Rab8 26.Nf1 Rc7 27.Ne3 Qc8 28.h4 Nf6 29.
f3 Bg7 30.Ra3 Nh5 31.Bb1 Qd8 32.Qf2 Qe8 33.Bc2 Qe7 34.Ng2 Bh6 35.Rb1 Bc8 
36.b5 axb5 37.axb5 Qd7 38.g4 Bf4+ 39.Nxf4 Nxf4 40.b6 Rcb7 41.Ba4 Qe7 42.
Bc6 Nd3 43.Qg3 Rxb6 44.Rxb6 Rxb6 45.Ra8 Rb3 46.Rxc8+ Kg7 47.Be1 Rb2+ 48.
Kh3 Nf4+ 49.Qxf4 exf4 50.Bc3+ f6 51.g5 Qe5 52.gxf6+ Kxf6 53.Rf8+ Kg7 54.
Bxe5+ dxe5 55.Rc8 Rf2 56.d6 Rxf3+ 57.Kg2 Rd3 58.d7 c3 59.Bd5 Rd2+ 60.Kf3 
Rd3+ 61.Kf2 Rd2+ 62.Ke1 1-0

[Event "35th WCh U20 Girls"]
[Site "Tarvisio ITA"]
[Date "2017.11.15"]
[Round "3"]
[White "Koo Wei Xin, Rosamund"]
[Black "Vidic, Teja"]
[Result "0-1"]
[WhiteElo "1900"]
[BlackElo "2159"]
[EventDate "2017.11.13"]
[PlyCount "44"]

1.d4 Nf6 2.c4 e6 3.Nc3 Bb4 4.Bd2 O-O 5.a3 Bxc3 6.Bxc3 d5 7.Nf3 dxc4 8.Qa4 
Qd5 9.e3 b5 10.Qa5 Bb7 11.Qxc7 Rc8 12.Qe5 a5 13.Be2 Nbd7 14.Qg3 b4 15.axb4
axb4 16.Rxa8 Rxa8 17.Bxb4 Ra1+ 18.Bd1 Qb5 19.Qd6 Nd5 20.Bd2 c3 21.bxc3 Ba6
22.Qxa6 Qxa6 0-1

[Event "35th WCh U20 Girls"]
[Site "Tarvisio ITA"]
[Date "2017.11.15"]
[Round "3"]
[White "Pratyusha, Bodda"]
[Black "Andolfatto, Maria"]
[Result "1-0"]
[WhiteElo "2152"]
[BlackElo "1970"]
[EventDate "2017.11.13"]
[PlyCount "63"]

1.c4 Nf6 2.Nc3 e6 3.e3 d5 4.Nf3 Be7 5.b3 O-O 6.Bb2 c5 7.cxd5 exd5 8.d4 Nc6
9.Be2 Re8 10.O-O a6 11.dxc5 Bxc5 12.Na4 Be7 13.Rc1 Ne4 14.Nd4 Ne5 15.Nf3 
Ng4 16.Bd4 Ba3 17.Rb1 Be7 18.h3 Nh6 19.Rc1 Nf5 20.Bb6 Qd6 21.Bc7 Qg6 22.
Nb6 Nh4 23.Nxh4 Bxh4 24.Bh5 Qf6 25.Nxa8 Bxf2+ 26.Kh1 Qh4 27.Qf3 g6 28.Rc2 
gxh5 29.Rcxf2 Nxf2+ 30.Rxf2 Be6 31.Bg3 Qb4 32.Nc7 1-0

[Event "35th WCh U20 Girls"]
[Site "Tarvisio ITA"]
[Date "2017.11.15"]
[Round "3"]
[White "Arda, Cagil Irmak"]
[Black "February, Jesse Nikki"]
[Result "1-0"]
[WhiteElo "2139"]
[BlackElo "1874"]
[EventDate "2017.11.13"]
[PlyCount "87"]

1.e4 e6 2.d4 d5 3.Nd2 Nf6 4.e5 Nfd7 5.Bd3 c5 6.c3 Nc6 7.Ne2 cxd4 8.cxd4 f6
9.exf6 Nxf6 10.Nf3 Bd6 11.O-O O-O 12.Bf4 Bxf4 13.Nxf4 Ne4 14.Ne2 Rxf3 15.
gxf3 Ng5 16.Kh1 e5 17.Qb3 Kh8 18.Bc2 Qf6 19.dxe5 Qxe5 20.f4 Qxe2 21.fxg5 
Nd4 22.Qd3 Qxc2 23.Qxd4 Bh3 24.Rg1 Rf8 25.Rg3 Bf5 26.f3 Re8 27.Rg2 Qc4 28.
Qxc4 dxc4 29.Rgg1 Kg8 30.Rge1 Be6 31.Re5 Kf7 32.Rae1 g6 33.Kg2 Bd7 34.Rxe8
Bxe8 35.Re5 Bd7 36.Rc5 b5 37.Rc7 Ke6 38.Rxa7 Kd6 39.Kf2 Bc6 40.Ke3 Kc5 41.
Rxh7 b4 42.Rc7 Kb6 43.Rxc6+ Kxc6 44.Kd4 1-0

[Event "35th WCh U20 Girls"]
[Site "Tarvisio ITA"]
[Date "2017.11.15"]
[Round "3"]
[White "Samudin, Elina"]
[Black "Ivanova, Simoneta"]
[Result "1/2-1/2"]
[WhiteElo "1806"]
[BlackElo "2137"]
[EventDate "2017.11.13"]
[PlyCount "74"]

1.d4 Nf6 2.Nf3 e6 3.Bg5 h6 4.Bh4 c5 5.c3 Nc6 6.e3 Be7 7.Bd3 b6 8.Nbd2 cxd4
9.cxd4 Bb7 10.Rc1 Nb4 11.Bb1 Ba6 12.a3 Nd3+ 13.Bxd3 Bxd3 14.Nc4 Be4 15.Bg3
d6 16.h3 O-O 17.O-O b5 18.Ncd2 Bb7 19.Re1 Rc8 20.e4 Rxc1 21.Qxc1 Qb6 22.e5
dxe5 23.Bxe5 Rc8 24.Qb1 Nd7 25.Rc1 Rxc1+ 26.Qxc1 Nxe5 27.Nxe5 Qxd4 28.Ndf3
Bxf3 29.Nxf3 Qc5 30.Qxc5 Bxc5 31.Ne5 a5 32.Nd3 Bd4 33.b3 a4 34.bxa4 bxa4 
35.Kf1 e5 36.f3 f5 37.Ke2 Kf7 1/2-1/2

[Event "35th WCh U20 Girls"]
[Site "Tarvisio ITA"]
[Date "2017.11.15"]
[Round "3"]
[White "Parnali, S. Dharia"]
[Black "Bilguun, Bayaraa"]
[Result "1-0"]
[WhiteElo "2136"]
[BlackElo "1147"]
[EventDate "2017.11.13"]
[PlyCount "53"]

1.d4 d5 2.c4 c6 3.Nf3 Nf6 4.Nc3 Bf5 5.cxd5 cxd5 6.Qb3 b6 7.Bg5 e6 8.e4 
dxe4 9.Qa4+ Nbd7 10.Ne5 Be7 11.Bxf6 Bxf6 12.Nxd7 Ke7 13.Bb5 Qc7 14.Qb4+ 
Qd6 15.Qxd6+ Kxd6 16.Nxf6 gxf6 17.Ba6 Rad8 18.Nb5+ Ke7 19.Nxa7 Ra8 20.Nc6+
Kd7 21.Bb5 Kd6 22.O-O Rhg8 23.Rfc1 e5 24.dxe5+ fxe5 25.Rd1+ Kc5 26.a4 f6 
27.Rac1# 1-0

[Event "35th WCh U20 Girls"]
[Site "Tarvisio ITA"]
[Date "2017.11.15"]
[Round "3"]
[White "Vanduyfhuys, Daria"]
[Black "Nurgali, Nazerke"]
[Result "0-1"]
[WhiteElo "1755"]
[BlackElo "2121"]
[EventDate "2017.11.13"]
[PlyCount "98"]

1.d4 Nf6 2.c4 e6 3.Nc3 d5 4.Bg5 Be7 5.e3 O-O 6.cxd5 exd5 7.Bd3 h6 8.Bh4 b6
9.Nf3 Bb7 10.O-O Nbd7 11.Qc2 c5 12.Ne5 Nxe5 13.dxe5 Ng4 14.Bg3 Bh4 15.Qe2 
Bc8 16.Qf3 Bxg3 17.Qxg3 f6 18.exf6 Nxf6 19.Rad1 Be6 20.Bc4 Qe7 21.Nxd5 
Nxd5 22.Bxd5 Bxd5 23.Rxd5 Rad8 24.Rfd1 Rxd5 25.Rxd5 Qe4 26.Rd1 Qc2 27.Re1 
Qxb2 28.e4 Qxa2 29.e5 Qe6 30.Rd1 c4 31.h3 Re8 32.f4 Qf5 33.Qf3 Qf7 34.Qc6 
Re7 35.Rd8+ Kh7 36.Qe4+ g6 37.Qd4 Qe6 38.Rd6 Qf7 39.Rf6 Qg8 40.Qd6 Rb7 41.
f5 Qc8 42.Rf8 Qc5+ 43.Qxc5 bxc5 44.f6 c3 45.e6 c2 46.e7 c1=Q+ 47.Kf2 Qf4+ 
48.Ke2 Rb2+ 49.Kd3 Qd4# 0-1

[Event "35th WCh U20 Girls"]
[Site "Tarvisio ITA"]
[Date "2017.11.15"]
[Round "3"]
[White "Figueroa Bernal, Julia Dennis"]
[Black "Mahalakshmi, Muganda Kumar"]
[Result "0-1"]
[WhiteElo "1690"]
[BlackElo "2191"]
[EventDate "2017.11.13"]
[PlyCount "60"]

1.e4 e6 2.d4 d5 3.Nd2 Be7 4.c3 Nf6 5.e5 Nfd7 6.Bd3 c5 7.Ne2 Nc6 8.Nf3 cxd4
9.cxd4 Bb4+ 10.Bd2 Bxd2+ 11.Qxd2 Nb6 12.a3 Bd7 13.Qf4 Qe7 14.Rc1 Na5 15.
Nd2 Na4 16.b4 Nb2 17.Bc2 Nac4 18.Nxc4 Nxc4 19.Qg3 g6 20.O-O a5 21.Ra1 O-O 
22.bxa5 Rxa5 23.a4 Rfa8 24.Nc3 b5 25.f4 b4 26.Nd1 Bxa4 27.Bxa4 Rxa4 28.
Rxa4 Rxa4 29.Ne3 Ra3 30.Rf3 Nd2 0-1

[Event "35th WCh U20 Girls"]
[Site "Tarvisio ITA"]
[Date "2017.11.15"]
[Round "3"]
[White "Petraki, Evaggelia"]
[Black "Lahav, Michal"]
[Result "0-1"]
[WhiteElo "1854"]
[BlackElo "2148"]
[EventDate "2017.11.13"]
[PlyCount "114"]

1.e4 e6 2.d3 d5 3.Nd2 Nf6 4.Ngf3 b6 5.g3 dxe4 6.dxe4 Bc5 7.Bg2 Ba6 8.h3 
O-O 9.c4 e5 10.O-O Qe7 11.Qe2 Rd8 12.Nb3 Nc6 13.Nxc5 Qxc5 14.b3 Nd4 15.
Nxd4 Qxd4 16.Bb2 Qc5 17.Rfd1 Bb7 18.Rac1 a5 19.Rxd8+ Rxd8 20.Rd1 Rd6 21.
Kh2 h6 22.f3 Nd7 23.Rd3 Nf8 24.Qd2 Rxd3 25.Qxd3 Ne6 26.Bc1 Qf2 27.Qd2 Qxd2
28.Bxd2 Kf8 29.f4 f6 30.fxe5 fxe5 31.Bc3 Nd4 32.c5 Ke7 33.h4 Kf6 34.cxb6 
cxb6 35.Bb2 Nb5 36.Bc1 Nc3 37.Be3 b5 38.Bd2 b4 39.Be3 a4 40.Bc5 Nxa2 41.
bxa4 b3 42.Ba3 Nc3 43.a5 Na4 44.Bf1 Bxe4 45.a6 b2 46.Bxb2 Nxb2 47.Bb5 Bd5 
48.Kg1 Nc4 49.Kf2 Nb6 50.Ke3 Bc4 51.Bc6 Bxa6 52.Ke4 Bc4 53.Be8 Bd5+ 54.Ke3
Kf5 55.Bh5 Nc4+ 56.Kd3 Nd6 57.Bd1 Ne4 0-1

[Event "35th WCh U20 Girls"]
[Site "Tarvisio ITA"]
[Date "2017.11.15"]
[Round "3"]
[White "Trippold, Denise"]
[Black "Barbosa, Larissa Ichimura"]
[Result "1-0"]
[WhiteElo "2104"]
[BlackElo "1913"]
[EventDate "2017.11.13"]
[PlyCount "151"]

1.d4 Nf6 2.c4 g6 3.Nc3 Bg7 4.e4 d6 5.Be2 O-O 6.Be3 e5 7.d5 a5 8.g4 Na6 9.
h4 Nc5 10.f3 c6 11.h5 cxd5 12.cxd5 Bd7 13.Qd2 a4 14.Nh3 Re8 15.Rc1 Rc8 16.
Nf2 Qa5 17.Kf1 a3 18.b3 Na6 19.Kg2 Nb4 20.Nb1 Ra8 21.Rc4 Nbxd5 22.exd5 
Nxd5 23.b4 Nxe3+ 24.Qxe3 Qa7 25.Qxa7 Rxa7 26.Rc7 Be6 27.Bc4 Bxc4 28.Rxc4 
gxh5 29.g5 h6 30.gxh6 Bxh6 31.Rxh5 Re6 32.Ng4 Kg7 33.Rxh6 Rxh6 34.Nxh6 
Kxh6 35.Rc7 f5 36.Rd7 Kg5 37.Nc3 Ra8 38.Rxd6 Rc8 39.Rd3 Rc4 40.b5 e4 41.
fxe4 fxe4 42.Re3 Kf5 43.Kf2 Ke5 44.Ke2 Rb4 45.Nd1 Rxb5 46.Rxa3 Rb4 47.Ke3 
Kd5 48.Nc3+ Kc6 49.Nxe4 Kc7 50.Nc3 Rh4 51.Kd3 Rg4 52.Kc2 Rh4 53.Kb3 Rh3 
54.Ra5 Kb6 55.Rg5 Rh7 56.Nd5+ Ka6 57.Nb4+ Kb6 58.Ka4 Rh6 59.Rb5+ Ka7 60.
Ka5 Rh3 61.a4 Rh6 62.Rg5 Rb6 63.Nd5 Rh6 64.Nc3 Ra6+ 65.Kb4 Rb6+ 66.Nb5+ 
Ka6 67.Rd5 Rc6 68.Rd6 Kb6 69.Rxc6+ bxc6 70.Nc3 Kb7 71.Kc5 Kc7 72.Na2 Kb7 
73.Nb4 Ka7 74.Kxc6 Ka8 75.Kb6 Kb8 76.Nd5 1-0

[Event "35th WCh U20 Girls"]
[Site "Tarvisio ITA"]
[Date "2017.11.15"]
[Round "3"]
[White "Magpily, Francois Marie"]
[Black "Rozman, Monika"]
[Result "0-1"]
[WhiteElo "1836"]
[BlackElo "2049"]
[EventDate "2017.11.13"]
[PlyCount "80"]

1.e4 c5 2.d4 cxd4 3.Nf3 d6 4.Qxd4 Nc6 5.Bb5 Qd7 6.Bxc6 bxc6 7.c4 e5 8.Qd3 
Nf6 9.Nc3 Be7 10.O-O O-O 11.b3 Ba6 12.Rd1 Rfd8 13.Bg5 Qe6 14.Qc2 h6 15.Bh4
Rac8 16.Bg3 Nd7 17.Rd2 Nc5 18.Rad1 Qg6 19.Nh4 Bxh4 20.Bxh4 Rd7 21.b4 Ne6 
22.Rxd6 Rxd6 23.Rxd6 Nd4 24.Rxg6 Nxc2 25.Rg4 g5 26.b5 cxb5 27.Nd5 Rxc4 28.
f4 exf4 29.Bf2 Kf8 30.h4 Bc8 31.Nf6 Bxg4 32.Nxg4 Ne3 33.Nxh6 Rc1+ 34.Kh2 
Rc2 35.Kg1 gxh4 36.Bxe3 fxe3 37.Nf5 e2 38.Kf2 Rxa2 39.Nxh4 b4 40.Nf5 b3 
0-1

[Event "35th WCh U20 Girls"]
[Site "Tarvisio ITA"]
[Date "2017.11.15"]
[Round "3"]
[White "Priyanka, K."]
[Black "Greibrokk, Ingrid"]
[Result "1-0"]
[WhiteElo "2046"]
[BlackElo "1868"]
[EventDate "2017.11.13"]
[PlyCount "99"]

1.e4 e5 2.Nf3 Nc6 3.Bb5 a6 4.Ba4 Nf6 5.O-O Nxe4 6.Re1 Nc5 7.Bxc6 dxc6 8.
Nxe5 Be7 9.d4 Ne6 10.c3 O-O 11.Be3 f6 12.Nd3 Bd6 13.Nd2 g6 14.Bh6 Re8 15.
Qb3 Qd7 16.Re2 Qf7 17.Rae1 Bd7 18.Ne4 b6 19.d5 cxd5 20.Nxd6 cxd6 21.Qxb6 
g5 22.Qxd6 Rad8 23.h4 Qg6 24.Qxa6 Qxh6 25.Rxe6 Bxe6 26.Rxe6 Rxe6 27.Qxe6+ 
Kh8 28.Ne5 Rf8 29.Nf7+ Rxf7 30.Qxf7 gxh4 31.Qe8+ Kg7 32.Qe7+ Kg8 33.Qe6+ 
Kh8 34.Qc8+ Kg7 35.Qg4+ Kh8 36.f4 Qf8 37.Qxh4 Qe7 38.Qf2 Qe4 39.b4 Qd3 40.
Qd4 Qb1+ 41.Kh2 Qxa2 42.Qxf6+ Kg8 43.f5 Qd2 44.Qe6+ Kh8 45.f6 Qf4+ 46.Kh3 
Qh6+ 47.Kg3 Qg6+ 48.Kf4 Qh6+ 49.Kf3 Qh5+ 50.Qg4 1-0

[Event "35th WCh U20 Girls"]
[Site "Tarvisio ITA"]
[Date "2017.11.15"]
[Round "3"]
[White "Louka, Magdalini"]
[Black "Vernet, Solene"]
[Result "0-1"]
[WhiteElo "1955"]
[BlackElo "1862"]
[EventDate "2017.11.13"]
[PlyCount "67"]

1.e4 e5 2.Nf3 Nc6 3.Nc3 Nf6 4.d4 Bb4 5.d5 Ne7 6.Bd3 d6 7.h3 O-O 8.O-O c6 
9.dxc6 bxc6 10.a3 Ba5 11.Re1 Ne8 12.b4 Bc7 13.Bc4 h6 14.Qd3 Ng6 15.b5 cxb5
16.Nxb5 a6 17.Nc3 Kh8 18.Nd5 f5 19.exf5 Bxf5 20.Qe2 Ba5 21.Rd1 Rc8 22.Bd3 
Nh4 23.Bxf5 Rxf5 24.Ne1 Nc7 25.Ne3 Rf8 26.Nc4 Bxe1 27.Qxe1 Nb5 28.Nxe5 
Rxc2 29.Nd3 Re8 30.Qb4 Qf6 31.Be3 Rxe3 32.fxe3 Rxg2+ 33.Kh1 Qf3 34.Qf4 0-1

[Event "35th WCh U20 Girls"]
[Site "Tarvisio ITA"]
[Date "2017.11.15"]
[Round "3"]
[White "Cramling-Bellon, Anna"]
[Black "Koljevic, Nikolina"]
[Result "1/2-1/2"]
[WhiteElo "1943"]
[BlackElo "1837"]
[EventDate "2017.11.13"]
[PlyCount "120"]

1.d4 d5 2.c4 e6 3.Nc3 c5 4.cxd5 exd5 5.Nf3 Nc6 6.g3 Nf6 7.Bg2 Be7 8.O-O 
O-O 9.Bg5 cxd4 10.Nxd4 h6 11.Be3 Bg4 12.Qa4 Na5 13.Rad1 Nc4 14.Bc1 Nb6 15.
Qb3 a5 16.a4 Bb4 17.Ncb5 Re8 18.f3 Bd7 19.Bf4 Rc8 20.e4 g5 21.Bd2 Bxb5 22.
Nxb5 Bxd2 23.Rxd2 Nc4 24.Rd4 Qb6 25.Kh1 Nd6 26.Qd3 Nxb5 27.axb5 Rc2 28.
Rxd5 Nxd5 29.Qxc2 Ne3 30.Qf2 Re6 31.Rc1 Nxg2 32.Qxb6 Rxb6 33.Kxg2 Rxb5 34.
Rc2 Rb3 35.h4 a4 36.hxg5 hxg5 37.Rf2 b5 38.Kh3 Kg7 39.Kg4 Kg6 40.f4 gxf4 
41.gxf4 Re3 42.e5 Re4 43.Rd2 b4 44.Rd6+ Kg7 45.Ra6 b3 46.Kf5 Rb4 47.Ra7 
Kf8 48.Kg5 Re4 49.f5 Rxe5 50.Kf6 Re8 51.Rxf7+ Kg8 52.Ra7 Re4 53.Kg6 Rg4+ 
54.Kh5 Rg2 55.Rxa4 Kf7 56.Rb4 Rxb2 57.Kg5 Rg2+ 58.Kf4 Rf2+ 59.Ke5 Re2+ 60.
Kd4 Rf2 1/2-1/2

[Event "35th WCh U20 Girls"]
[Site "Tarvisio ITA"]
[Date "2017.11.15"]
[Round "3"]
[White "Shepherd, Katherine"]
[Black "Cui, Cynthia"]
[Result "1-0"]
[WhiteElo "1918"]
[BlackElo "1553"]
[EventDate "2017.11.13"]
[PlyCount "137"]

1.d4 Nf6 2.Nf3 g6 3.Nc3 d5 4.Bf4 Bg7 5.e3 e6 6.h4 O-O 7.Be2 Nbd7 8.Ne5 c5 
9.h5 cxd4 10.exd4 Ne4 11.Nxe4 dxe4 12.Nxd7 Bxd7 13.c3 Qa5 14.Qd2 Qf5 15.g4
Qd5 16.Qe3 Bb5 17.Bxb5 Qxb5 18.O-O-O Qd5 19.Kb1 a5 20.hxg6 fxg6 21.Rhe1 e5
22.dxe5 Qe6 23.Qxe4 Qxg4 24.Bg3 Qxe4+ 25.Rxe4 Rfe8 26.Rd7 b6 27.e6 Bf6 28.
Bc7 b5 29.Kc2 Ra6 30.Rd6 Raa8 31.Bb6 Ra6 32.Bc5 Raa8 33.Bd4 Be7 34.Rd7 Ra6
35.Rb7 b4 36.c4 Rc6 37.b3 Ra6 38.Rb6 Raa8 39.c5 a4 40.Rxb4 axb3+ 41.axb3 
Rac8 42.Rc4 Rc6 43.b4 Rb8 44.Kb3 h5 45.Rc1 h4 46.Kc4 Rcc8 47.b5 Kf8 48.Rb1
Bd8 49.Be5 Rb7 50.Bd6+ Ke8 51.Rf4 Be7 52.Rf7 Bxd6 53.Rxb7 Rxc5+ 54.Kd4 Re5
55.Rc1 Kd8 56.Ra1 Kc8 57.Rg7 Kb8 58.Rxg6 Rxb5 59.Re1 Be7 60.f4 Kc7 61.Ke4 
Rh5 62.Rc1+ Kd6 63.Rd1+ Kc6 64.f5 h3 65.f6 Bd6 66.e7 Kd7 67.Rxd6+ Kxd6 68.
e8=Q h2 69.f7+ 1-0

[Event "35th WCh U20 Girls"]
[Site "Tarvisio ITA"]
[Date "2017.11.15"]
[Round "3"]
[White "Silva, Mariana Sofia"]
[Black "San Diego, Marie Antoinette"]
[Result "1-0"]
[WhiteElo "1883"]
[BlackElo "2116"]
[EventDate "2017.11.13"]
[PlyCount "99"]

1.e4 c5 2.Nf3 g6 3.d4 cxd4 4.Nxd4 Bg7 5.Nc3 Nc6 6.Be3 Nf6 7.Bc4 O-O 8.Bb3 
a5 9.h3 a4 10.Nxa4 Nxe4 11.O-O d5 12.c3 e6 13.Nf3 Re8 14.Qd3 Qc7 15.Rac1 
Nd6 16.Rfd1 b5 17.Nb6 Ra6 18.Nxc8 Qxc8 19.Qe2 Qa8 20.Nd4 Nxd4 21.Bxd4 Qc6 
22.Bxg7 Kxg7 23.Qe5+ f6 24.Qd4 Nc4 25.Rc2 Rd8 26.Re2 Rd6 27.Qg4 Qd7 28.h4 
Qf7 29.h5 g5 30.Rd3 h6 31.Rg3 f5 32.Qd4+ Kh7 33.Rh3 Qa7 34.Qd3 g4 35.Rg3 
Kh8 36.a3 Rac6 37.Qd1 Qf7 38.Qd4+ e5 39.Rxe5 Nxe5 40.Qxe5+ Qf6 41.Qe8+ Kg7
42.Re3 Re6 43.Qd7+ Kf8 44.Qxd5 Rxe3 45.fxe3 Rb6 46.Qc5+ Kg7 47.Qc8 Qd6 48.
Qxf5 Rb8 49.Qf7+ Kh8 50.Bc2 1-0

[Event "35th WCh U20 Girls"]
[Site "Tarvisio ITA"]
[Date "2017.11.15"]
[Round "3"]
[White "Caxita, Esperanca"]
[Black "Vangsgard, Freja"]
[Result "0-1"]
[WhiteElo "1865"]
[BlackElo "2035"]
[EventDate "2017.11.13"]
[PlyCount "80"]

1.e4 c6 2.d4 d5 3.e5 Bf5 4.Nf3 e6 5.Nbd2 c5 6.c3 Nc6 7.Bb5 a6 8.Bxc6+ bxc6
9.Nf1 c4 10.Ne3 Bd3 11.b3 Qa5 12.Qd2 Ne7 13.bxc4 dxc4 14.Ng1 Nd5 15.Ne2 
Rb8 16.Nxd5 cxd5 17.Nf4 Bf5 18.O-O Be7 19.Nh5 O-O 20.f4 Rb7 21.Qe3 Bd3 22.
Qg3 Bg6 23.f5 Bxh5 24.f6 Bg6 25.fxe7 Rxe7 26.Bg5 Rb7 27.h4 h5 28.Kh2 Rfb8 
29.Rf2 Rb2 30.Rf3 Rxa2 31.Rxa2 Qxa2 32.Qf4 Rb1 33.Be7 Qa1 34.Kg3 Rh1 35.
Qd2 Qg1 36.Qe3 Qh2+ 37.Kf2 Be4 38.Qg5 Qg1+ 39.Kg3 Qe1+ 40.Kf4 Qd2+ 0-1

[Event "35th WCh U20 Girls"]
[Site "Tarvisio ITA"]
[Date "2017.11.15"]
[Round "3"]
[White "Jayaweera, Sayuni Gihansa"]
[Black "Sibajeva, Marija"]
[Result "1-0"]
[WhiteElo "1745"]
[BlackElo "2016"]
[EventDate "2017.11.13"]
[PlyCount "93"]

1.d4 d5 2.c4 dxc4 3.e3 a6 4.Bxc4 e6 5.Nf3 Nf6 6.O-O c5 7.b3 b5 8.Be2 Bb7 
9.Bb2 Nbd7 10.Nbd2 Be7 11.a4 b4 12.Nc4 a5 13.Nfe5 Nxe5 14.Nxe5 O-O 15.Bf3 
Nd5 16.Rc1 Rc8 17.Qe2 f6 18.Nc4 Ba6 19.Rfd1 cxd4 20.Bxd4 Qc7 21.Qe1 Bxc4 
22.Rxc4 Qb8 23.Rdc1 Bd6 24.g3 Ne7 25.e4 Be5 26.Bg4 Qd6 27.Bc5 Rxc5 28.Rxc5
Bc3 29.R1xc3 bxc3 30.Qxc3 f5 31.exf5 exf5 32.Be2 f4 33.Qe5 Qxe5 34.Rxe5 
Nc6 35.Bc4+ Kh8 36.Rc5 Nd4 37.Rxa5 h6 38.Bd5 Re8 39.Ra8 Rxa8 40.Bxa8 Nxb3 
41.gxf4 g6 42.Kg2 Kg7 43.Kf3 Kf6 44.Bd5 Na5 45.Ke4 Ke7 46.Ke5 h5 47.h4 1-0

[Event "35th WCh U20 Girls"]
[Site "Tarvisio ITA"]
[Date "2017.11.15"]
[Round "3"]
[White "Zairbek Kyzy, Begimay"]
[Black "Altantuya, Boldbaatar"]
[Result "0-1"]
[WhiteElo "1599"]
[BlackElo "1948"]
[EventDate "2017.11.13"]
[PlyCount "86"]

1.e4 e6 2.d4 d5 3.exd5 exd5 4.Nf3 Bd6 5.Bd3 c5 6.Bb5+ Nc6 7.O-O Ne7 8.c3 
a6 9.Bxc6+ bxc6 10.dxc5 Bxc5 11.Bf4 O-O 12.Nbd2 Ng6 13.Bg3 Bg4 14.h3 Bd7 
15.Nb3 Bb6 16.Qc2 Qf6 17.Nfd4 Nf4 18.Qd2 Bc7 19.Nc5 Qh6 20.Rad1 Bc8 21.Nd3
g5 22.h4 f6 23.Nxc6 Bg4 24.Rde1 Kh8 25.hxg5 fxg5 26.Ndb4 Bb6 27.Nd4 Bh3 
28.gxh3 Qxh3 29.f3 Qxg3+ 30.Kh1 Bc7 31.Ndc6 Rf6 32.Qh2 Qxh2+ 33.Kxh2 Nd3+ 
34.Kg2 Nxe1+ 35.Rxe1 a5 36.Nxd5 Rxc6 37.Re7 Bf4 38.b3 a4 39.c4 axb3 40.
axb3 Ra2+ 41.Kh3 h5 42.Nxf4 gxf4 43.Kh4 Rc5 0-1

[Event "35th WCh U20 Girls"]
[Site "Tarvisio ITA"]
[Date "2017.11.15"]
[Round "3"]
[White "Stashis, Anna"]
[Black "Ganzova, Veronika"]
[Result "1-0"]
[WhiteElo "1907"]
[BlackElo "1633"]
[EventDate "2017.11.13"]
[PlyCount "99"]

1.e4 c6 2.d4 d5 3.e5 Bf5 4.Nf3 e6 5.Be2 h6 6.O-O Nd7 7.Nbd2 g5 8.Nb3 Ne7 
9.Ne1 Qc7 10.Be3 Bg7 11.Nd3 Bxd3 12.Qxd3 c5 13.Nxc5 Nxc5 14.dxc5 Bxe5 15.
h3 Nf5 16.c3 Nxe3 17.Qxe3 Bf4 18.Bb5+ Kf8 19.Qd4 Be5 20.Qb4 Kg7 21.Qa3 Qe7
22.Rfe1 Qf6 23.c6 b6 24.Ba6 Qf4 25.g3 Qf5 26.Kg2 h5 27.Bd3 Qf6 28.Re3 g4 
29.hxg4 hxg4 30.Qa4 Qg5 31.Be2 Qh5 32.Qxg4+ Qxg4 33.Bxg4 Bf6 34.Be2 Rhc8 
35.Ba6 Rc7 36.Bb7 Rd8 37.Rd3 Rh8 38.a4 Rb8 39.a5 Rbxb7 40.cxb7 Rxb7 41.a6 
Rc7 42.Ra4 Rc5 43.Rf3 Be5 44.Kf1 Kg6 45.Ke2 Kg7 46.Kd3 Rc8 47.Re3 Bf6 48.
c4 Bxb2 49.cxd5 e5 50.Rc4 1-0

[Event "35th WCh U20 Girls"]
[Site "Tarvisio ITA"]
[Date "2017.11.15"]
[Round "3"]
[White "Braganza, Nadia"]
[Black "Bidhar, Rutumbara"]
[Result "0-1"]
[WhiteElo "1536"]
[BlackElo "1904"]
[EventDate "2017.11.13"]
[PlyCount "106"]

1.e4 c5 2.Nf3 e6 3.d4 cxd4 4.Nxd4 Nf6 5.Nc3 d6 6.Be2 Be7 7.O-O O-O 8.f4 a6
9.Kh1 Nc6 10.Be3 Qc7 11.Qe1 Nxd4 12.Bxd4 b5 13.a3 Bb7 14.Bf3 e5 15.Be3 
exf4 16.Bxf4 Nd7 17.Qg3 Qc5 18.Be2 Ne5 19.Bh6 Ng6 20.Be3 Qc7 21.Bh5 Bf6 
22.Bxg6 hxg6 23.Rac1 Rfe8 24.Bf4 Rad8 25.Bg5 Bxg5 26.Qxg5 Re5 27.Qf4 Rde8 
28.Rce1 d5 29.h3 dxe4 30.Nxe4 Qe7 31.Qxe5 Qxe5 32.Nf6+ gxf6 33.Rxe5 Rxe5 
34.Rxf6 Re1+ 35.Kh2 Re2 36.Kg1 Rxg2+ 37.Kf1 Rxc2 38.Rf2 Rxf2+ 39.Kxf2 f5 
40.h4 Kf7 41.Ke3 Kf6 42.Kf4 a5 43.b4 axb4 44.axb4 Bc6 45.Ke3 Ke5 46.Kd3 f4
47.Ke2 f3+ 48.Kf2 Kf4 49.Kf1 Kg3 50.Kg1 f2+ 51.Kf1 Kf3 52.h5 Be4 53.hxg6 
Bd3# 0-1

[Event "35th WCh U20 Girls"]
[Site "Tarvisio ITA"]
[Date "2017.11.16"]
[Round "4"]
[White "Osmak, Yulia"]
[Black "Abdumalik, Zhansaya"]
[Result "1/2-1/2"]
[WhiteElo "2345"]
[BlackElo "2428"]
[EventDate "2017.11.13"]
[PlyCount "133"]

1.e4 e5 2.Nf3 Nc6 3.Nc3 Nf6 4.d4 exd4 5.Nxd4 Bb4 6.Nxc6 bxc6 7.Bd3 d5 8.
exd5 cxd5 9.O-O O-O 10.h3 c6 11.Qf3 Bd6 12.Bf4 Rb8 13.b3 Qc7 14.Ne2 Re8 
15.Rad1 c5 16.Bxd6 Qxd6 17.Nf4 Bb7 18.Qg3 Re5 19.Nxd5 Nh5 20.Qh2 Bxd5 21.
c4 Rd8 22.cxd5 Rxd5 23.Qxd6 R5xd6 24.Bc2 Nf4 25.Rxd6 Rxd6 26.Re1 Kf8 27.
Re4 Rd4 28.Kf1 Rxe4 29.Bxe4 g6 30.g3 Ne6 31.Ke2 Ke7 32.Kd3 Kd6 33.Kc4 Nc7 
34.f4 f6 35.h4 Na6 36.h5 gxh5 37.Bxh7 Nb4 38.a3 Nd5 39.Bg6 Ne3+ 40.Kd3 Nf1
41.Bxh5 Nxg3 42.Bg4 f5 43.Bf3 Nf1 44.Bb7 Ng3 45.Bf3 Nf1 46.Ke2 Nh2 47.Bb7 
Kc7 48.Ba6 Ng4 49.Bd3 Nh6 50.Kd2 Kd6 51.Kc3 Kc6 52.Bb1 Kd5 53.Bc2 Kc6 54.
Bd3 Kd5 55.b4 cxb4+ 56.axb4 Ke6 57.Kd4 Ng4 58.b5 Nf6 59.Kc5 Nh5 60.Kc6 
Nxf4 61.Bc4+ Ke5 62.Kb7 Kd4 63.Bf1 Kc5 64.Kxa7 Nd5 65.Ka6 Nc7+ 66.Ka5 Nxb5
67.Bxb5 1/2-1/2